000 01324nab a22002897a 4500
999 _c6038
_d6038
003 OSt
005 20260116213549.0
008 190605e xxu||||| |||| 00| 0 spa d
040 _cPJ
100 _94886
_aElmelaj, María Laura
245 1 0 _aElecciones sindicales en Argentina. La oposición del empleador condicionada por las causas y el procedimiento /
_cMaría Laura Elmelaj.
260 _aCiudad Autónoma de Buenos Aires :
_bThomson Reuters La Ley,
_c2025.
300 _ap. 40-55
500 _aCita Online: Cita: TR LALEY AR/DOC/2005/2025.
505 _aSumario: I. Introducción.— II. Las causas posibles.— III. Los procedimientos disponibles.— IV. Conclusiones.— V. Bibliografía.
505 _t¿Te interesa el texto completo? Solicitalo al correo: koha@justierradelfuego.gov.ar
650 0 _94583
_aDERECHOS SINDICALES
650 0 _91461
_aLIBERTAD SINDICAL
650 0 _91367
_aASOCIACIONES SINDICALES
650 0 _95902
_aTUTELA SINDICAL
650 0 _91338
_aDERECHO COLECTIVO DEL TRABAJO
650 0 _91514
_aPROCEDIMIENTO LABORAL
650 0 _91135
_aPROCEDIMIENTO ADMINISTRATIVO
650 0 _94925
_aINTERES LEGITIMO
773 0 _02711
_93168
_dCiudad Autónoma de Buenos Aires : Thomson Reuters La Ley, 1999-2002.
_tRevista de derecho del trabajo. Nº 6 - Noviembre 2025
942 _2udc
_cANA